000
00296nam a22001337a 4500
008
171204b xxu||||| |||| 00| 0 eng d
020
_a
9780534380717
041
_a
eng
080
_a
574
100
_a
9
101
_a
MJE
245
_a
LIVING THE INVIRONMENT
_c
MILLER.G.T
942
_2
udc
_c
BK
999
_c
38772
_d
38772